000 00620nam a22002297a 4500
003 UA-OsUOA
001 83288
007 ta
008 20120409b un ||||| |||| 00| 0 ukr d
100 _aМалько А.В.
700 _aГайворонская Я.В.
090 _a34
_bМ21
942 _cSA
040 _aUA-OsUOA
_brus
_cUA-OsUOA
_dUA-OsUOA
245 _aТеория правовых актов: необходимость и пути создания
300 _aС.15-25
955 _a0
041 _arus
080 _a34
773 0 _w83287
650 7 _a34 Право. Юриспруденція
_2UDC
999 _c369602
_d369602